000 00461nam a2200133Ia 4500
008 171212s9999 xx 000 0 und d
020 _a9780987171849
100 _aJiang, Ying
245 _cJiang, Ying
_aCyber-Nationalism in China
_bChallenging Western media portrayals of internet censorship in China
260 _bUniversity of Adelaide Press
_c2012
650 _aJiang, Ying
650 _aSociology
856 _uhttp://jstor.org/stable/10.20851/j.ctt1sq5x62
999 _c352911
_d352911